LIBRARY & INFORMATION CENTRE, KCAET, TAVANUR

ONLINE PUBLIC ACCESS CATALOGUE (OPAC)

Animal Nutrition / (Record no. 1510)

MARC details
000 -LEADER
fixed length control field 00556cam a2200217ua 4500
041 ## - LANGUAGE CODE
Language code of text/sound track or separate title eng
082 ## - DEWEY DECIMAL CLASSIFICATION NUMBER
Classification number 636.085
Item number MAY/AN
100 ## - MAIN ENTRY--AUTHOR NAME
Personal name Maynard, Leonard.A .
245 ## - TITLE STATEMENT
Title Animal Nutrition /
250 ## - EDITION STATEMENT
Edition statement 7 /
260 ## - PUBLICATION, DISTRIBUTION, ETC. (IMPRINT)
Place of publication :
Name of publisher Tata Mc-Graw Hill Publishing Company ,
Year of publication 1985.
300 ## - PHYSICAL DESCRIPTION
Number of Pages 602 ; .
700 1# - ADDED ENTRY--PERSONAL NAME
Personal name Hintz, Harold.F .
700 1# - ADDED ENTRY--PERSONAL NAME
Personal name Loosli, John.K .
700 1# - ADDED ENTRY--PERSONAL NAME
Personal name Warner, Richard.G .
942 ## - ADDED ENTRY ELEMENTS (KOHA)
Koha item type Books
Holdings
Withdrawn status Lost status Damaged status Home library Current library Date acquired Full call number Accession Number Koha item type
      KAUAET KAUAET 07/04/2012 636.085 15715 Books
free website counter